Acuicultura : perspectivas del comercio mundial, regional y local para el nuevo siglo /
Guardado en:
| Autor Principal: | |
|---|---|
| Formato: | Libro |
| Idioma: | Undetermined |
| Publicado: |
Buenos Aires :
Sagpya,
2001.
|
| Edición: | 1a ed. |
| Series: | Pesca y acuicultura
|
| Materias: | |
| Etiquetas: |
Agregar Etiqueta
Sin Etiquetas, Sea el primero en etiquetar este registro!
|
| LEADER | 00579nam a22001815a 4500 | ||
|---|---|---|---|
| 001 | CEM.cems024729 | ||
| 008 | 250625s2001####ag############000#0#und#d | ||
| 005 | 20250625084147.0 | ||
| 245 | 1 | 0 | |a Acuicultura : |b perspectivas del comercio mundial, regional y local para el nuevo siglo / |c Marcelo Regunaga. |
| 250 | |a 1a ed. | ||
| 260 | |a Buenos Aires : |b Sagpya, |c 2001. | ||
| 300 | |a 35 p. ; |c 25 cm. | ||
| 490 | 1 | |a Pesca y acuicultura | |
| 100 | 1 | |a Regunaga, Marcelo. | |
| 082 | 0 | 4 | |a 639.3 |
| 653 | |a Acuicultura | ||
| 653 | |a Pesca | ||
| 859 | |a CEMS |b BIB. CEMS - Agricultura |h 639.3 |i R265 |p A3885.25 |t Ej.1 | ||
